=LDR 00000nam 2200000 4500 =001 NUTBA000000000001981 =005 20140528120347.0 =006 =007 =008 =020 ##$$a 979-9415-76-4 =035 ##$$a 0010-051400000000446 =040 ##$$a NBPDMAT =082 ##$$a 745.5 =090 ##$$a 745.5 $b End k =100 ##$$a Endyah Murniati =245 ##$$a Keterampilan : $b Sumber industri / $c Endyah Murniati =250 ##$$a Cet.2 =260 ##$$a Surabaya : SIC, $c 2012 =300 ##$$a vi, 106 hlm. : $b ilus. ; $c 21 cm. =650 ##$$a Kerajinan Tangan =850 ##$$a NBPDMAT =990 ##$$a 21400997